Catálogo
Digital

Catálogo
Digital

Estrategias de comunicación para gobiernos (Record no. 12085)

MARC details
000 -CABECERA
campo de control de longitud fija 01356nam a2200313 4500
003 - IDENTIFICADOR DEL NÚMERO DE CONTROL
campo de control EC-UNACH
005 - FECHA Y HORA DE LA ÚLTIMA TRANSACCIÓN
campo de control 20240112192337.0
006 - CÓDIGOS DE INFORMACIÓN DE LONGITUD FIJA--CARACTERÍSTICAS DEL MATERIAL ADICIONAL
campo de control de longitud fija s||||gr|||| 00| 00
008 - DATOS DE LONGITUD FIJA--INFORMACIÓN GENERAL
campo de control de longitud fija 150116t9999 mx r gr 000 0 spa d
020 ## - NÚMERO INTERNACIONAL ESTÁNDAR DEL LIBRO
Número Internacional Estándar del Libro 987-1004-14-1
040 ## - FUENTE DE LA CATALOGACIÓN
Centro catalogador/agencia de origen EC-UNACH
Centro/agencia transcriptor EC-UNACH
041 ## - CÓDIGO DE LENGUA
Código de lengua del texto/banda sonora o título independiente Español
082 04 - NÚMERO DE LA CLASIFICACIÓN DECIMAL DEWEY
Número de edición 23
Número de clasificación 302.2
Número de documento/Ítem L015657
100 ## - ENTRADA PRINCIPAL--NOMBRE DE PERSONA
Nombre de persona Izurieta, Roberto
245 ## - MENCIÓN DE TÍTULO
Título Estrategias de comunicación para gobiernos
250 ## - MENCIÓN DE EDICIÓN
Mención de edición Primera Edición
Resto de la mención de edición Segunda reimpresión
264 ## - Producción, publicación, distribución, fabricación y copyright
Lugar de producción, publicación, distribución, fabricación Buenos Aires Argentina
Nombre del de productor, editor, distribuidor, fabricante La Crujía
Fecha de de producción, publicación, distribución, fabricación o copyright 2005
300 ## - DESCRIPCIÓN FÍSICA
Extensión 259 páginas
Dimensiones 20 x 14 centímetros
505 ## - NOTA DE CONTENIDO CON FORMATO
Nota de contenido con formato Introducción: estrategias de comunicación pública y gobernabilidad democrática -- Presentación: Democracia y gerencia política: El papel de la OEA -- Estrategias de comunicación política -- La campaña permanente -- Comunicación con la ciudadanía -- La comunicación de gobierno e internet -- La comunicación: Política en la era del entretenimiento. Un estudio de la comunicación y las relaciones públicas para gobiernos.
650 ## - PUNTO DE ACCESO ADICIONAL DE MATERIA--TÉRMINO DE MATERIA
Término de materia o nombre geográfico como elemento inicial MEDIOS DE COMUNICACIÓN
650 ## - PUNTO DE ACCESO ADICIONAL DE MATERIA--TÉRMINO DE MATERIA
Término de materia o nombre geográfico como elemento inicial ESTRATEGÍAS DE COMUNICACIÓN
650 ## - PUNTO DE ACCESO ADICIONAL DE MATERIA--TÉRMINO DE MATERIA
Término de materia o nombre geográfico como elemento inicial RELACIONES PÚBLICAS
650 ## - PUNTO DE ACCESO ADICIONAL DE MATERIA--TÉRMINO DE MATERIA
Término de materia o nombre geográfico como elemento inicial IMAGEN
700 ## - PUNTO DE ACCESO ADICIONAL--NOMBRE DE PERSONA
Nombre de persona Artenton, Christopher
Término indicativo de función/relación Autor
942 ## - ELEMENTOS DE PUNTO DE ACCESO ADICIONAL (KOHA)
Fuente del sistema de clasificación o colocación Clasificación Decimal Dewey
Tipo de ítem Koha Libros
999 ## - NÚMEROS DE CONTROL DE SISTEMA (KOHA)
Koha biblionumber 12085
Holdings
Estado de pérdida Fuente del sistema de clasificación o colocación Estado dañado No para préstamo Localización permanente Ubicación/localización actual Ubicación en estantería Fecha de adquisición Número de inventario Total de préstamos Signatura topográfica completa Código de barras Fecha visto por última vez Fecha del último préstamo Número de copia Precio válido a partir de Tipo de ítem Koha Centro de costos
  Clasificación Decimal Dewey     Biblioteca Campus Norte Biblioteca Campus Norte Comunicación 12/01/2024 328624 1 302.2 IZU L015657 L015657 03/04/2024 03/04/2024 01 12/01/2024 Libros  

Powered by Koha